000170911 001__ 170911 000170911 005__ 20260429150233.0 000170911 037__ $$aTAZ-TFG-2020-637 000170911 041__ $$aspa 000170911 1001_ $$aFilip, Giulia Alexandra 000170911 24200 $$aAssessment of nutritional status in non-institutionalized elderly. 000170911 24500 $$aEvaluación del estado nutricional en ancianos no institucionalizados 000170911 260__ $$aZaragoza$$bUniversidad de Zaragoza$$c2020 000170911 506__ $$aby-nc-sa$$bCreative Commons$$c3.0$$uhttp://creativecommons.org/licenses/by-nc-sa/3.0/ 000170911 520__ $$aINTRODUCCION: La malnutrición afecta gravemente el estado de salud de nuestros mayores pudiendo llegar a la muerte. La incidencia de malnutrición a nivel mundial oscila entre el 2 y el 51%. Abarca 3 grupos: la desnutrición, el déficit de micronutrientes y la obesidad. En enero de 2018 se registraron un 19,8% de personas mayores sobre el total de la población Española. Aragón está entre las comunidades autónomas mas envejecidas.<br />Objetivo: Estudiar el estado nutricional de la población mayor de 65 años no institucionalizada con los pacientes del Centro de día de la cruz roja de Teruel comparándola con los que acuden al Centro de Salud del Ensanche de Teruel seleccionados de manera aleatoria.<br />Material y método: Estudio transversal descriptivo sobre la estimación de la prevalencia de malnutrición detectando los posibles factores relacionados con ello en mayores de 65 años comparando 45 sujetos del Centro de Salud de Teruel, Ensanche con 29 que acudían al Centro de Día de la Cruz Roja de Teruel utilizando la MNA y la escala Barthel, junto con la recogida de algunas otras medidas antropométricas.<br />Conclusión: El riesgo de malnutrición se asocia a la edad, y también a la soledad. Personas mayores que acuden a algún centro social sin estar institucionalizados, polimedicados, con demencia moderada y mayores de 84 años tienen más probabilidad de tener riesgo de malnutrición<br /><br /> 000170911 521__ $$aGraduado en Enfermería 000170911 540__ $$aDerechos regulados por licencia Creative Commons 000170911 700__ $$aSantiago Valdearcos$$edir. 000170911 7102_ $$aUniversidad de Zaragoza$$bFisiatría y Enfermería$$cEnfermería 000170911 8560_ $$f737373@unizar.es 000170911 8564_ $$s1431264$$uhttps://zaguan.unizar.es/record/170911/files/TAZ-TFG-2020-637.pdf$$yMemoria (spa) 000170911 909CO $$ooai:zaguan.unizar.es:170911$$pdriver$$ptrabajos-fin-grado 000170911 950__ $$a 000170911 951__ $$adeposita:2026-04-29 000170911 980__ $$aTAZ$$bTFG$$cENFTER 000170911 999__ $$a20200520205546.CREATION_DATE